Im Kampf mit Herrschaftsmentalitäten
| Main Author: | |
|---|---|
| Format: | Print Article |
| Language: | German |
| Check availability: | HBZ Gateway |
| Interlibrary Loan: | Interlibrary Loan for the Fachinformationsdienste (Specialized Information Services in Germany) |
| Published: |
[2015]
|
| In: |
Die Bibel und die Frauen ; Bd. 9,1 : 20. Jahrhundert: Feministische Bibelwissenschaft im 20. Jahrhundert
Year: 2015, Pages: 205-219 |
| IxTheo Classification: | HA Bible |
| Further subjects: | B
Biblical studies
B Feminist exegesis B Feminism (motif) B Hermeneutics |
MARC
| LEADER | 00000caa a2200000 c 4500 | ||
|---|---|---|---|
| 001 | 1550164929 | ||
| 003 | DE-627 | ||
| 005 | 20190711110025.0 | ||
| 007 | tu | ||
| 008 | 161125s2015 xx ||||| 00| ||ger c | ||
| 020 | |a 9783170289895 | ||
| 035 | |a (DE-627)1550164929 | ||
| 035 | |a (DE-576)480164924 | ||
| 035 | |a (DE-599)BSZ480164924 | ||
| 040 | |a DE-627 |b ger |c DE-627 |e rda | ||
| 041 | |a ger | ||
| 084 | |a 1 |2 ssgn | ||
| 100 | 1 | |e VerfasserIn |0 (DE-588)1053953224 |0 (DE-627)790842068 |0 (DE-576)409781592 |4 aut |a Hidalgo, Jacqueline M. | |
| 109 | |a Hidalgo, Jacqueline M. |a Hidalgo, Jacqueline | ||
| 245 | 1 | 0 | |a Im Kampf mit Herrschaftsmentalitäten |c Jacqueline M. Hidalgo |
| 264 | 1 | |c [2015] | |
| 336 | |a Text |b txt |2 rdacontent | ||
| 337 | |a ohne Hilfsmittel zu benutzen |b n |2 rdamedia | ||
| 338 | |a Band |b nc |2 rdacarrier | ||
| 650 | 0 | 7 | |0 (DE-588)104346302X |0 (DE-627)770560423 |0 (DE-576)394819969 |a Feministische Exegese |2 gnd |
| 650 | 0 | 7 | |0 (DE-588)4222126-2 |0 (DE-627)104499168 |0 (DE-576)210278633 |a Feminismus |2 gnd |
| 650 | 0 | 7 | |0 (DE-588)4128972-9 |0 (DE-627)105713252 |0 (DE-576)209606614 |a Hermeneutik |2 gnd |
| 650 | 0 | 7 | |0 (DE-588)4135180-0 |0 (DE-627)105667005 |0 (DE-576)209658614 |a Bibelwissenschaft |2 gnd |
| 652 | |a HA | ||
| 773 | 0 | 8 | |i Enthalten in |t Die Bibel und die Frauen ; Bd. 9,1 : 20. Jahrhundert: Feministische Bibelwissenschaft im 20. Jahrhundert |b 1. Aufl. |d Stuttgart : Kohlhammer, 2015 |g (2015), Seite 205-219 |h 454 S. |w (DE-627)1496284399 |w (DE-576)426284399 |z 9783170289895 |z 3170289896 |7 nnam |
| 773 | 1 | 8 | |g year:2015 |g pages:205-219 |
| 935 | |a mteo |a BIIN | ||
| 951 | |a AR | ||
| BIB | |a 1 | ||
| ELC | |b 1 | ||
| ITA | |a 1 |t 1 | ||
| LOK | |0 000 xxxxxcx a22 zn 4500 | ||
| LOK | |0 001 306018657X | ||
| LOK | |0 003 DE-627 | ||
| LOK | |0 004 1550164929 | ||
| LOK | |0 005 20190311230912 | ||
| LOK | |0 008 190311||||||||||||||||ger||||||| | ||
| LOK | |0 035 |a (DE-Tue135-1)246281 | ||
| LOK | |0 040 |a DE-Tue135-1 |c DE-627 |d DE-Tue135-1 | ||
| LOK | |0 852 |a DE-Tue135-1 | ||
| LOK | |0 852 1 |c FTHNT073488/HOJ |m p |9 00 | ||
| LOK | |0 852 2 |b T 24 |9 00 | ||
| LOK | |0 935 |a iSWA | ||
| LOK | |0 936ln |0 144204408X |a HA | ||
| LOK | |0 938 |k p | ||
| LOK | |0 939 |a 11-03-19 |b l12 | ||
| ORI | |a SA-MARC-ixtheoa001.raw | ||
| STA | 0 | 0 | |a Biblical studies,Feminism (motif),Feminism,Feminist theory,Feminist exegesis,Hermeneutics |
| STB | 0 | 0 | |a Exégèse féministe,Féminisme (motif),Féminisme,Théorie féministe,Herméneutique,Science biblique |
| STC | 0 | 0 | |a Exegesis,Exegesis feminista,Feminismo,Hermenéutica |
| STD | 0 | 0 | |a Ermeneutica,Esegesi biblica,Esegesi femminista,Femminismo |
| STE | 0 | 0 | |a 圣经研究,女性主义,女权运动,女权主义,注释,诠释,解经,诠释学,解释学 |
| STF | 0 | 0 | |a 女性主義,女權運動,女權主義,注釋,詮釋,解經,聖經研究,詮釋學,解釋學 |
| STG | 0 | 0 | |a Exegese,Exegese feminista,Feminismo,Hermenêutica |
| STH | 0 | 0 | |a Библеистика,Герменевтика,Феминизм,Феминистическая экзегеза |
| STI | 0 | 0 | |a Βιβλική ερμηνεία,Ερμηνευτική,Φεμινισμός,Φεμινιστική εξήγηση |
| SUB | |a BIB | ||
| SYE | 0 | 0 | |a Feministische Theologie , Feministische Theorie,Feministische Theorie , Auslegung |